00841nam a2200217Ia 4500001001000000003000500010005001700015008004100032010001100073040000900084100002800093245020400121260003400325300001000359502008400369650002800453650001500481650003000496650004700526710005000573Para_9166CHAP20220817045904.0220125s2006 xx 000 0 und d a207901 cCHAP aAguilar Carpio, André aResistencia de Euphorbia heterophylla L. a atrazina aplicada en pre y post-emergencia en poblaciones provenientes de la región norte del estado de Guerrero, México /c por André Aguilar Carpio aChapingo, Méx. :b el autor a79 h. aTesis (M.C. Protección Vegetal) UACh. Departamento Parasitología Agrícola aEuphorbia heterophylla  aHerbicidas aMalas hierbas x control  aMalas hierbas x resistencia a herbicidas  aUACh. Departamento Parasitología Agrícola